Missing Word: Political Thriller Movies A-Z Quiz Stats

 Plays Quiz Updated Jul 18, 2015

Score 0/26 Timer 04:00
0 Plays Today
Movie Title Missing Word % Correct
The Hunt for _____ October (1990)Red
97.6%
The Bourne _____ (2002)Identity
95.6%
The Man Who _____ Too Much (1956)Knew
94.5%
In the Line of _____ (1993)Fire
94.4%
The Company _____ Keep (2012) You
90.8%
The _____ Candidate (1962)Manchurian
90.1%
The _____ of All Fears (2002) Sum
87.9%
_____ of the State (1998)Enemy
87.6%
All the _____'s Men (1976)President
86.1%
White _____ Down (2013)House
79.3%
The _____ American (2002)Quiet
79.3%
The Day of the _____ (1973)Jackal
71.6%
_____ Days of the Condor (1975)Three
70.2%
Movie Title Missing Word % Correct
The Constant _____ (2005)Gardener
68.5%
Thirteen _____ (2000) Days
68.3%
The Boys from _____ (1978)Brazil
64.3%
_____ Has Fallen (2013) Olympus
55.4%
_____ Power (1997)Absolute
53.6%
_____: State of the Union (2005) xXx
52.4%
_____ of Time (1995) Nick
52.1%
Green _____ (2010)Zone
50.9%
The Parallax _____ (1974)View
41.5%
The _____ of Others (2006)Lives
40.7%
The Ghost _____ (2010)Writer
36.9%
_____ Hall (1996)City
26.5%
The Dancer _____ (2002) Upstairs
10.9%

Today's Daily Dose

You're not logged in!

Compare scores with friends on all Sporcle quizzes.
OR
Log In

Show Comments

Extras

Top Quizzes Today


Score Distribution

Your Account Isn't Verified!

In order to create a playlist on Sporcle, you need to verify the email address you used during registration. Go to your Sporcle Settings to finish the process.

Report this User

Report this user for behavior that violates our Community Guidelines.

Details: